Loading...
| Fine Arts - Other | 4 | 5.00 | 900% | 125% | 0% |
| Fine Arts - Visual | 2 | 10.00 | 0% | 0% | 550% |
| History - American | 2 | 5.00 | 1,800% | 0% | 0% |
| History - European | 3 | 3.33 | 0% | 200% | 0% |
| History - Other | 1 | 10.00 | 0% | 0% | 600% |
| History - World | 2 | 5.00 | 1,800% | 0% | 0% |
| Literature - American | 1 | 0.00 | 0% | 0% | 0% |
| Literature - British | 2 | 10.00 | 1,250% | 0% | 300% |
| Literature - European | 2 | 0.00 | 0% | 0% | 0% |
| Other Academic | 1 | 10.00 | 0% | 0% | 600% |
| Philosophy | 1 | 0.00 | 0% | 0% | 0% |
| Pop Culture | 1 | 10.00 | 0% | 0% | 600% |
| Religion | 3 | 6.67 | 1,200% | 0% | 167% |
| Science - Biology | 1 | 0.00 | 0% | 0% | 0% |
| Science - Chemistry | 1 | 10.00 | 0% | 600% | 0% |
| Science - Other | 1 | 0.00 | 0% | 0% | 0% |
| Science - Physics | 1 | 10.00 | 0% | 600% | 0% |
| Social Science | 2 | 15.00 | 1,800% | 550% | 0% |